000 00310 a2200121 4500
000 nam a22 7a 4500
005 20260212155629.0
020 _a9788197897849 (hbk)
100 _aSumaira Ejaz
_91115458
245 _aMuneer niyazi: shakhs aur shair
260 _bMatterlink Publishers
_c2025
942 _cTB
999 _c1679460
_d1679460